[Event "Stay Safe Play From Home 174"]
[Site "T#646332Emanuel Laske"]
[Date "2020.05.25"]
[Round "1"]
[White "Weltszmerc"]
[Black "Tunca"]
[Result "1-0"]
[WhiteElo "2125"]
[BlackElo "1796"]
[Annotator "TA"]
[PlyCount "83"]
[EventDate "2020.05.25"]
[EventType "swiss (blitz)"]

{[%evp 15,83,42,42,43,40,20,60,58,63,76,94,51,107,47,79,74,112,114,143,43,52,39,132,130,129,125,121,105,154,44,133,140,144,132,133,140,131,128,137,134,167,173,199,204,211,175,180,161,168,0,168,120,129,111,103,57,57,56,56,5,41,43,73,36,220,146,129,144,29989,29990]} 1. d4 d6 2. c4 e5 3. Nf3 exd4 4. Nxd4 g6 5. Nc3 Bg7 6. g3 Nc6 7. Nxc6 bxc6 8. Bg2 Bd7 9. O-O {A27: English Opening: Three Knights Variation.} Nf6 {[#]} 10. Qa4 $146 ({Predecessor:} 10. Bg5 h6 11. Bf4 O-O 12. Qc2 Rb8 13. Rad1 c5 14. b3 Re8 15. Qc1 Kh7 16. Qa3 Qc8 {1-0 (53) Dvirnyy,D (2539)-Genocchio,D (2410) Cosenza 2017}) 10... O-O 11. Bxc6 {White is slightly better.} Bxc6 12. Qxc6 Rb8 13. Rd1 Re8 {[#]} (13... Qd7 $14 14. Nd5 Qe8) 14. Qf3 (14. c5 $1 $16) 14... Qe7 $14 {[#]} 15. Rb1 $1 Qe6 16. b3 Qh3 17. Bb2 (17. Nd5 $16 Ng4 18. Qg2 Qxg2+ 19. Kxg2) 17... Ng4 18. Qg2 Qh5 (18... Qxg2+ $14 19. Kxg2 Bxc3 20. Bxc3 Rxe2 {[%mdl 64] Double Attack}) 19. h3 $16 Nf6 20. g4 $36 {[%mdl 2048] White is on the roll.} Qa5 21. Qf3 Re6 22. e3 ({White should play} 22. Nd5 $16 Nxd5 23. cxd5) 22... Rbe8 (22... Nxg4 $1 $14 23. Qd5 (23. Qxg4 Bxc3 24. b4 Qe5 $11) 23... Bxc3 24. Qxa5 Bxa5 25. hxg4 f6) 23. Nd5 Nxd5 24. cxd5 ({Much less strong is} 24. Qxd5 $6 Qxa2 25. Bxg7 Kxg7 $14) 24... Re4 25. Bxg7 Kxg7 26. Rb2 Qc3 27. Rdd2 Qc1+ 28. Kg2 Qc5 29. Rbc2 Qb6 30. Rd3 R8e7 31. Rdc3 Qa5 32. Rd3 $2 (32. Qd1 $18) 32... R4e5 $2 (32... Qb6 $1 $11 {and Black has nothing to worry.}) 33. Rcd2 f5 34. g5 Re4 35. Rd4 (35. Rc2 {looks sharper.} Kg8 36. Kg3 Rf7 37. Kh2 Qb5 38. Rdc3) 35... Rxd4 36. Rxd4 Qxa2 $14 {[%mdl 4096] Endgame KQR-KQR} 37. b4 (37. Qd1 $14) 37... Qb2 38. h4 Qc2 39. h5 (39. Qd1 $5 {[%cal Rd1c2]} Qa2 40. h5 $14) 39... Qb1 $2 (39... gxh5 $14 40. Qxh5 Kg8) 40. h6+ Kf7 41. Qd1 Re4 $2 {[%mdl 8192]} (41... Qa2 $16 42. Qd3 a6) 42. Qxb1 {Accuracy: White = 54%, Black = 41%.} 1-0

[Event "Stay Safe Play From Home 174"]
[Site "T#646332Emanuel Laske"]
[Date "2020.05.25"]
[Round "1"]
[White "Don59as"]
[Black "Kongle"]
[Result "1-0"]
[WhiteElo "2055"]
[BlackElo "1907"]
[Annotator "NA"]
[PlyCount "59"]
[EventDate "2020.05.25"]
[EventType "swiss (blitz)"]

1. c4 {[%emt 0:00:02]} e5 {[%emt 0:00:03]} 2. Nc3 {[%emt 0:00:01]} Nc6 {[%emt 0:00:01]} 3. g3 {[%emt 0:00:01]} f5 {[%emt 0:00:01]} 4. Bg2 {[%emt 0:00:01]} Nf6 {[%emt 0:00:00]} 5. e3 {[%emt 0:00:01]} Bc5 {[%emt 0:00:02]} 6. Nge2 {[%emt 0:00:01]} d6 {[%emt 0:00:01]} 7. O-O {[%emt 0:00:01]} a6 {[%emt 0:00:01]} 8. b3 {[%emt 0:00:01]} O-O {[%emt 0:00:03]} 9. Bb2 {[%emt 0:00:01]} Qe8 {[%emt 0:00:01]} 10. d4 {[%emt 0:00:01]} Ba7 {[%emt 0:00:02]} 11. Nd5 {[%emt 0:00:01]} Nxd5 {[%emt 0:00:02]} 12. cxd5 {[%emt 0:00:00]} Ne7 {[%emt 0:00:01]} 13. dxe5 {[%emt 0:00:01]} Ng6 {[%emt 0:00:10]} 14. exd6 {[%emt 0:00:13]} cxd6 {[%emt 0:00:03]} 15. Rc1 {[%emt 0:00:09]} Ne5 {[%emt 0:00:23]} 16. Nf4 {[%emt 0:00:14]} Bd7 {[%emt 0:00:13]} 17. Ne6 {[%emt 0:00:02]} Bxe6 {[%emt 0:00:05]} 18. dxe6 {[%emt 0:00:01]} Qe7 {[%emt 0:00:14]} 19. Qd5 {[%emt 0:00:09]} Rab8 {[%emt 0:00:34]} 20. Rfd1 {[%emt 0:00:06]} f4 {[%emt 0:00:28]} 21. exf4 {[%emt 0:00:26]} Ng4 {[%emt 0:00:07]} 22. Bd4 {[%emt 0:00:04]} Bxd4 {[%emt 0:00:06]} 23. Rxd4 {[%emt 0:00:03]} Rbc8 {[%emt 0:00:03]} 24. Rcd1 {[%emt 0:00:14]} Rc2 {[%emt 0:00:04]} 25. R4d2 {[%emt 0:00:01]} Rfc8 {[%emt 0:00:05]} 26. h3 {[%emt 0:00:01]} Rxd2 {[%emt 0:00:02]} 27. Qxd2 {[%emt 0:00:02]} Nf6 {[%emt 0:00:03]} 28. Qxd6 {[%emt 0:00:02]} Qxd6 {[%emt 0:00:01]} 29. Rxd6 {[%emt 0:00:01]} Kf8 {[%emt 0:00:01]} 30. Bxb7 {[%emt 0:00:03] Time (Lag: Av=0.71s, max=1.9s)} 1-0

[Event "Stay Safe Play From Home 174"]
[Site "T#646332Emanuel Laske"]
[Date "2020.05.25"]
[Round "1"]
[White "Golem974"]
[Black "Patzeroglu"]
[Result "1-0"]
[WhiteElo "1917"]
[BlackElo "1810"]
[Annotator "NA"]
[PlyCount "101"]
[EventDate "2020.05.25"]
[EventType "swiss (blitz)"]

1. e4 {[%emt 0:00:01]} c5 {[%emt 0:00:04]} 2. Nf3 {[%emt 0:00:01]} Nf6 {[%emt 0:00:04]} 3. d4 {[%emt 0:00:00]} Nxe4 {[%emt 0:00:03]} 4. dxc5 {[%emt 0:00:01]} Nxc5 {[%emt 0:00:01]} 5. Nc3 {[%emt 0:00:01]} e6 {[%emt 0:00:01]} 6. Be3 {[%emt 0:00:03]} d5 {[%emt 0:00:01]} 7. Qd2 {[%emt 0:00:02]} Nc6 {[%emt 0:00:16]} 8. O-O-O {[%emt 0:00:01]} Be7 {[%emt 0:00:10]} 9. Bb5 {[%emt 0:00:01]} O-O {[%emt 0:00:04]} 10. g4 {[%emt 0:00:01]} a6 {[%emt 0:00:19]} 11. Be2 {[%emt 0:00:02]} b5 {[%emt 0:00:04]} 12. Nd4 {[%emt 0:00:12]} Ne5 {[%emt 0:00:05]} 13. f4 {[%emt 0:00:04]} Nc4 {[%emt 0:00:01]} 14. Bxc4 {[%emt 0:00:01]} bxc4 {[%emt 0:00:00]} 15. Qf2 {[%emt 0:00:06]} Bb7 {[%emt 0:00:13]} 16. h4 {[%emt 0:00:02]} Qc7 {[%emt 0:00:09]} 17. h5 {[%emt 0:00:02]} Rfd8 {[%emt 0:00:05]} 18. g5 {[%emt 0:00:04]} Bf8 {[%emt 0:00:09]} 19. Nf3 {[%emt 0:00:11]} Ne4 {[%emt 0:00:09]} 20. Nxe4 {[%emt 0:00:02]} dxe4 {[%emt 0:00:00]} 21. Nd4 {[%emt 0:00:06]} c3 {[%emt 0:00:01]} 22. b3 {[%emt 0:00:05]} Qa5 {[%emt 0:00:09]} 23. Kb1 {[%emt 0:00:09]} Qa3 {[%emt 0:00:03]} 24. Bc1 {[%emt 0:00:01]} Qc5 {[%emt 0:00:01]} 25. Qe3 {[%emt 0:00:02]} Rd5 {[%emt 0:00:07]} 26. Ne2 {[%emt 0:00:05]} Qxe3 {[%emt 0:00:03]} 27. Bxe3 {[%emt 0:00:01]} Rc8 {[%emt 0:00:02]} 28. Rxd5 {[%emt 0:00:10]} Bxd5 {[%emt 0:00:05]} 29. Bd4 {[%emt 0:00:03]} Bb4 {[%emt 0:00:02]} 30. Rh3 {[%emt 0:00:01]} Kf8 {[%emt 0:00:02]} 31. Nxc3 {[%emt 0:00:06]} Bxc3 {[%emt 0:00:03]} 32. Bxc3 {[%emt 0:00:06]} Rc6 {[%emt 0:00:06]} 33. Kb2 {[%emt 0:00:01]} g6 {[%emt 0:00:11] Patzeroglu bietet Remis} 34. hxg6 {[%emt 0:00:02]} hxg6 {[%emt 0:00:01]} 35. Bf6 {[%emt 0:00:02]} Ke8 {[%emt 0:00:01]} 36. c4 {[%emt 0:00:03]} Kd7 {[%emt 0:00:00]} 37. cxd5 {[%emt 0:00:01]} exd5 {[%emt 0:00:00]} 38. Bd4 {[%emt 0:00:02]} Ke6 {[%emt 0:00:00]} 39. Rh4 {[%emt 0:00:03]} Kf5 {[%emt 0:00:00]} 40. a3 {[%emt 0:00:03]} Re6 {[%emt 0:00:01]} 41. Kc3 {[%emt 0:00:02]} e3 {[%emt 0:00:01]} 42. Rh1 {[%emt 0:00:02]} e2 {[%emt 0:00:00]} 43. Re1 {[%emt 0:00:01]} Kxf4 {[%emt 0:00:00]} 44. Kd3 {[%emt 0:00:02]} Kxg5 {[%emt 0:00:01]} 45. Be3+ {[%emt 0:00:01]} Kf5 {[%emt 0:00:02]} 46. Rxe2 {[%emt 0:00:01]} g5 {[%emt 0:00:01]} 47. Rf2+ {[%emt 0:00:01]} Kg6 {[%emt 0:00:00]} 48. Rg2 {[%emt 0:00:02]} f5 {[%emt 0:00:00]} 49. Rxg5+ {[%emt 0:00:01]} Kf6 {[%emt 0:00:00]} 50. Rg2 {[%emt 0:00:01]} Re4 {[%emt 0:00:00]} 51. Bd4+ {[%emt 0:00:01] Zeit (Lag: Av=1.06s, max=2.4s)} 1-0

[Event "Stay Safe Play From Home 174"]
[Site "T#646332Emanuel Laske"]
[Date "2020.05.25"]
[Round "1"]
[White "Chase the sun"]
[Black "Greblah"]
[Result "1-0"]
[WhiteElo "1901"]
[BlackElo "1900"]
[Annotator "TA"]
[PlyCount "65"]
[EventDate "2020.05.25"]
[EventType "swiss (blitz)"]

{[%evp 15,64,47,19,0,10,-71,-17,-55,-39,-102,-70,-102,-106,-169,-104,-130,2,5,8,9,13,20,22,19,159,157,158,145,191,183,882,288,287,275,491,303,464,0,179,161,29991,2073,1806,1698,2313,2030,29987,29988,29997,29998,29999]} 1. e4 c6 2. d4 d5 3. exd5 cxd5 4. Bd3 Nc6 5. c3 g6 6. Bf4 Bg7 7. Nf3 Nh6 8. O-O O-O 9. Nbd2 {B13: Caro-Kann: Exchange Variation and Panov-Botvinnik Attack.} f6 10. Qe2 (10. c4 $11 {keeps the balance.}) 10... Nf7 (10... e5 $17 11. Bxh6 (11. dxe5 fxe5 12. Bg5 Qb6 $17) 11... Bxh6) 11. Bb5 {[#] The position is equal.} e5 $146 ({Predecessor:} 11... Re8 12. Nb3 e5 13. dxe5 fxe5 14. Bg3 Bg4 15. h3 Bh5 16. Qe3 Bh6 17. Qc5 Bxf3 18. gxf3 {0-1 (34) Mc Aleer,J (1945)-Toll,A (1984) Gausdal 1995}) 12. Bxc6 (12. Be3 $15) 12... bxc6 $17 13. dxe5 fxe5 14. Bg3 (14. Nxe5 $17 Qf6 15. Nd3) 14... e4 (14... Qb6 $19 {Strongly threatening ...Ba6.} 15. Qe3 Qxb2) 15. Nd4 Qf6 (15... Qb6 $17 {And now ...Ba6 would win.} 16. Qe3 a5) 16. f3 $11 exf3 17. N2xf3 Bg4 18. h3 Rae8 19. Qa6 Bxf3 (19... c5 $1 $11 20. Qxf6 Bxf6) 20. Rxf3 $16 Qg5 21. Qxc6 {Hoping for Ne6.} ({Don't take} 21. Nxc6 $6 Nd8 $14) 21... Bxd4+ 22. cxd4 Re3 $2 (22... Nd8 23. Rxf8+ Rxf8) 23. Raf1 $2 (23. Bf4 Nd8 24. Bxg5 Nxc6 25. Rxf8+ Kxf8 26. Bxe3) 23... Rxf3 $18 24. Rxf3 h5 $2 (24... Qe7 {keeps fighting.} 25. Qxd5 Rd8) 25. Bf4 Qf5 (25... Nd8 $142 26. Qd6 (26. Bxg5 Nxc6 27. Ra3 Kf7 $16) 26... Qf6 27. Qxd5+ Qe6) 26. Bd6 $2 ({White should play} 26. Bc7 $18 Qe4 27. Qf6) 26... Qb1+ $2 (26... Qe6 $11 {and Black has nothing to worry.} 27. Rxf7 Rxf7) 27. Kh2 $1 Rd8 $2 {[#]} (27... Nxd6 $18 28. Rxf8+ (28. Qxd6 Rxf3 29. gxf3 Qxb2+ 30. Kh1 Qb1+ 31. Kg2 Qxa2+ 32. Kg3 Kf7 $11 {[%mdl 64] Decoy}) 28... Kxf8) 28. Bc7 (28. Rxf7 $142 $1 {[%mdl 512]} Qd1 {[#]} (28... Kxf7 29. Qc7+) 29. Qc7 $1 {[%mdl 512]} Qxd4 30. Qxd8+ Kxf7 31. Qe7+ Kg8 32. Be5 Qxe5+ 33. Qxe5) 28... Rf8 29. Qxd5 Qxb2 30. Bd6 Qb7 31. Qxb7 {White mates.} Kg7 32. Bxf8+ Kxf8 33. Qxf7# {Accuracy: White = 34%, Black = 20%.} 1-0

[Event "Stay Safe Play From Home 174"]
[Site "T#646332Emanuel Laske"]
[Date "2020.05.25"]
[Round "1"]
[White "Archi-ak"]
[Black "ritwik chess"]
[Result "1-0"]
[WhiteElo "1847"]
[BlackElo "1440"]
[Annotator "NA RC"]
[PlyCount "99"]
[EventDate "2020.05.25"]
[EventType "swiss (blitz)"]

1. e4 {[%emt 0:00:01]} e5 {[%emt 0:00:02]} 2. Nf3 {[%emt 0:00:02]} Nc6 {[%emt 0:00:02]} 3. Bc4 {[%emt 0:00:01]} Nf6 {[%emt 0:00:01]} 4. Ng5 {[%emt 0:00:01]} d5 {[%emt 0:00:02]} 5. exd5 {[%emt 0:00:01]} Na5 {[%emt 0:00:01]} 6. Bb5+ {[%emt 0:00:01]} c6 {[%emt 0:00:01]} 7. dxc6 {[%emt 0:00:01]} bxc6 {[%emt 0:00:00]} 8. Ba4 {[%emt 0:00:01]} h6 {[%emt 0:00:08]} 9. Nf3 {[%emt 0:00:10]} Bg4 {[%emt 0:00:04]} 10. h3 {[%emt 0:00:03]} Bh5 {[%emt 0:00:01]} 11. g4 {[%emt 0:00:04]} Nxg4 {[%emt 0:00:11]} 12. hxg4 {[%emt 0:00:02]} Bxg4 {[%emt 0:00:00]} 13. Rg1 {[%emt 0:00:06]} Bh5 {[%emt 0:00:12]} 14. Qe2 {[%emt 0:00:05]} Qf6 {[%emt 0:00:11]} 15. Qxe5+ {[%emt 0:00:03]} Qxe5+ {[%emt 0:00:04]} 16. Nxe5 {[%emt 0:00:00]} Bd6 {[%emt 0:00:02]} 17. d4 {[%emt 0:00:04]} Bxe5 {[%emt 0:00:02]} 18. dxe5 {[%emt 0:00:00]} O-O {[%emt 0:00:02]} 19. f4 {[%emt 0:00:08]} Rac8 {[%emt 0:00:06]} 20. Kf2 {[%emt 0:00:04]} Nc4 {[%emt 0:00:03]} 21. Nc3 {[%emt 0:00:04]} Bg6 {[%emt 0:00:03]} 22. Be3 {[%emt 0:00:02]} Nxb2 {[%emt 0:00:04]} 23. Bb3 {[%emt 0:00:05]} c5 {[%emt 0:00:19]} 24. Bd5 {[%emt 0:00:27]} Bxc2 {[%emt 0:00:08]} 25. Rgc1 {[%emt 0:00:04]} Nd3+ {[%emt 0:00:02]} 26. Ke2 {[%emt 0:00:03]} Nxc1+ {[%emt 0:00:00]} 27. Rxc1 {[%emt 0:00:00]} Bg6 {[%emt 0:00:02]} 28. Nb5 {[%emt 0:00:04]} a6 {[%emt 0:00:07]} 29. Nd6 {[%emt 0:00:04]} Rb8 {[%emt 0:00:02]} 30. Bxc5 {[%emt 0:00:04]} Rb2+ {[%emt 0:00:03]} 31. Kf3 {[%emt 0:00:02]} Bh5+ {[%emt 0:00:10]} 32. Kg3 {[%emt 0:00:02]} Rd2 {[%emt 0:00:04]} 33. Bb3 {[%emt 0:00:06]} Rd3+ {[%emt 0:00:02]} 34. Kh4 {[%emt 0:00:08]} Bg6 {[%emt 0:00:02]} 35. f5 {[%emt 0:00:06]} Bh7 {[%emt 0:00:02]} 36. Rf1 {[%emt 0:00:04]} Rd2 {[%emt 0:00:04]} 37. Ne4 {[%emt 0:00:08]} Rh2+ {[%emt 0:00:02]} 38. Kg3 {[%emt 0:00:02]} Rh5 {[%emt 0:00:03]} 39. Bxf8 {[%emt 0:00:02]} Bxf5 {[%emt 0:00:09]} 40. Nd6 {[%emt 0:00:11]} Kxf8 {[%emt 0:00:06]} 41. Rxf5 {[%emt 0:00:02]} Rh1 {[%emt 0:00:04]} 42. Rxf7+ {[%emt 0:00:02]} Kg8 {[%emt 0:00:01]} 43. Rf1+ {[%emt 0:00:01]} Kh8 {[%emt 0:00:00]} 44. Rxh1 {[%emt 0:00:00]} Kh7 {[%emt 0:00:00]} 45. Bc2+ {[%emt 0:00:01]} Kh8 {[%emt 0:00:01]} 46. Rf1 {[%emt 0:00:01]} Kg8 {[%emt 0:00:00]} 47. Rf7 {[%emt 0:00:01]} Kh8 {[%emt 0:00:00]} 48. e6 {[%emt 0:00:00]} Kg8 {[%emt 0:00:01]} 49. e7 {[%emt 0:00:00]} Kh8 {[%emt 0:00:00]} 50. e8=Q# {[%emt 0:00:00] (Lag: Av=1.37s, max=2.4s)} 1-0

[Event "Stay Safe Play From Home 174"]
[Site "T#646332Emanuel Laske"]
[Date "2020.05.25"]
[Round "1"]
[White "matanant"]
[Black "Lazieri3"]
[Result "1/2-1/2"]
[WhiteElo "1689"]
[BlackElo "2069"]
[Annotator "TA"]
[PlyCount "145"]
[EventDate "2020.05.25"]
[EventType "swiss (blitz)"]

{[%evp 10,145,2,0,4,0,0,0,14,15,11,0,12,-3,0,-6,0,0,0,0,29,23,9,0,18,0,0,-63,-75,-158,-145,-131,-39,-265,-148,-156,-163,-154,-151,-176,-173,-166,-56,-331,-304,-321,-304,-332,-223,-239,-181,-157,-179,-176,-176,-404,-330,-327,-333,-530,-500,-434,-336,-417,-408,-485,-492,-674,-670,-809,-809,-1032,-1032,-1030,-1019,-1012,-1023,-994,-971,-1015,-937,-1225,-1212,-1074,-788,-1694,-1583,-5610,-5518,-5481,-3308,-29983,-29984,-29986,-29987,-29987,-29983,-29983,-29984,-29985,-29986,-29986,-29987,-29987,-29987,-29988,-29988,-29989,-29988,-29989,-29989,-29989,-29990,-29990,-29990,-29991,-29991,-29991,-29992,-29992,-29992,-29995,-29993,-29997,-29993,-29993,-29993,-29993,-29994,-29994,-29995,-29995,-29994,-29994,-29995,-29995,-29996,-29997]} 1. b3 c6 2. Bb2 d5 3. e3 Nf6 4. f4 Bg4 5. Be2 Bxe2 6. Qxe2 e6 {A03: Bird's Opening with 1...d5.} 7. Nf3 Bd6 8. O-O {[#]} Qe7 $146 {The position is equal.} ({Predecessor:} 8... O-O 9. d3 Nbd7 10. Ne5 Qc7 11. Nxd7 Nxd7 12. Nd2 e5 13. f5 e4 14. Qh5 Be5 15. Bxe5 Qxe5 {½-½ (49) Liascovich,L (2440)-Duarte,L (2341) Buenos Aires 2009}) 9. d3 O-O 10. Nbd2 Ba3 11. Be5 Nbd7 12. c4 Nxe5 13. fxe5 Nd7 14. d4 c5 15. Nb1 Bb4 16. a3 Ba5 17. b4 cxb4 18. axb4 (18. cxd5 $1 $11 exd5 19. Qb5 {[%mdl 64] Double Attack}) 18... Bxb4 $15 19. c5 (19. cxd5 $142 exd5 20. Qb5) 19... a5 20. Qb5 {[#]} Rfb8 ({Better is} 20... b6 $1 $17 {[%cal Rb6c5][%mdl 512]} 21. c6 (21. cxb6 Rfb8 $17) 21... Nb8) 21. Na3 $2 (21. Ne1 $1 $15) 21... b6 (21... Bxa3 $19 22. Rxa3 b6) 22. c6 $17 Bxa3 23. cxd7 Bb4 24. Rfc1 {[#]} Qd8 $1 25. Rc2 Ra7 (25... Be7 $19 {aiming for ...Rb7.} 26. Rac1 a4) 26. Rc6 $2 {[%mdl 8192]} (26. Qxb4 $1 $15 axb4 27. Rxa7) 26... Rxd7 27. Rac1 h6 28. g3 Qe7 29. Kg2 Ra7 30. Rc8+ Rxc8 31. Rxc8+ Kh7 32. Re8 $2 (32. Qxb6 Rb7 33. Qa6) 32... Qd7 33. Qxd7 Rxd7 $19 {[%mdl 4096] Endgame KRB-KRN} 34. Ra8 (34. Rb8 $142) 34... Rb7 35. Kf2 Bc3 36. Ke2 b5 37. Kd3 Rc7 38. Ng1 a4 39. Ne2 Bb2 40. Ra5 a3 41. Rxb5 a2 42. Ra5 a1=Q 43. Rxa1 Bxa1 44. Nf4 Ra7 45. Ke2 Ra2+ 46. Kf3 Bxd4 47. g4 Bxe5 48. Nd3 Bf6 49. h4 Ra3 50. g5 hxg5 {Black mates.} 51. hxg5 Rxd3 52. Ke2 {[#]} Kg6 $1 53. Kxd3 Bxg5 54. Ke2 {[#]} Bxe3 $1 55. Kxe3 {KP-KP} Kf5 56. Kf3 g5 57. Ke2 g4 58. Kf2 Kg5 59. Kg2 f5 60. Kg3 f4+ 61. Kf2 f3 62. Kf1 Kf5 63. Kf2 d4 64. Kf1 d3 65. Kf2 Kf4 66. Kf1 g3 67. Ke1 {[#]} d2+ $1 68. Kxd2 g2 69. Kd3 g1=Q 70. Kc4 Qe1 71. Kc5 f2 72. Kc6 f1=Q 73. Kc7 {[%mdl 32768] Accuracy: White = 49%, Black = 68%. . An unexpected result.} 1/2-1/2

[Event "Stay Safe Play From Home 174"]
[Site "T#646332Emanuel Laske"]
[Date "2020.05.25"]
[Round "1"]
[White "Trotsky"]
[Black "Haris kollari 13"]
[Result "0-1"]
[WhiteElo "1557"]
[BlackElo "1920"]
[Annotator "NA"]
[PlyCount "84"]
[EventDate "2020.05.25"]
[EventType "swiss (blitz)"]

1. d4 {[%emt 0:00:01]} d5 {[%emt 0:00:02]} 2. e3 {[%emt 0:00:01]} c5 {[%emt 0:00:02]} 3. c4 {[%emt 0:00:01]} dxc4 {[%emt 0:00:02]} 4. Bxc4 {[%emt 0:00:02]} cxd4 {[%emt 0:00:01]} 5. exd4 {[%emt 0:00:02]} Nf6 {[%emt 0:00:01]} 6. Be3 {[%emt 0:00:01]} Bf5 {[%emt 0:00:01]} 7. Nc3 {[%emt 0:00:01]} Nc6 {[%emt 0:00:01]} 8. a3 {[%emt 0:00:02]} e6 {[%emt 0:00:01]} 9. h3 {[%emt 0:00:05]} Be7 {[%emt 0:00:01]} 10. g4 {[%emt 0:00:01]} Bg6 {[%emt 0:00:01]} 11. Nf3 {[%emt 0:00:04]} O-O {[%emt 0:00:02]} 12. Bd3 {[%emt 0:00:04]} Nd5 {[%emt 0:00:04]} 13. Qc2 {[%emt 0:00:03]} Nxe3 {[%emt 0:00:09]} 14. fxe3 {[%emt 0:00:03]} Re8 {[%emt 0:00:01]} 15. O-O-O {[%emt 0:00:02]} Rc8 {[%emt 0:00:01]} 16. Kb1 {[%emt 0:00:04]} Qb6 {[%emt 0:00:08]} 17. Ka1 {[%emt 0:00:03]} Qa5 {[%emt 0:00:03]} 18. h4 {[%emt 0:00:32]} Nb4 {[%emt 0:00:02]} 19. Qb1 {[%emt 0:00:02]} Nxd3 {[%emt 0:00:07]} 20. Rxd3 {[%emt 0:00:02]} Bxd3 {[%emt 0:00:01]} 21. Qxd3 {[%emt 0:00:02]} a6 {[%emt 0:00:02]} 22. Ng5 {[%emt 0:00:02]} g6 {[%emt 0:00:03]} 23. h5 {[%emt 0:00:01]} Bxg5 {[%emt 0:00:01]} 24. hxg6 {[%emt 0:00:01]} fxg6 {[%emt 0:00:01]} 25. Ne4 {[%emt 0:00:04]} Be7 {[%emt 0:00:04]} 26. g5 {[%emt 0:00:02]} Qb5 {[%emt 0:00:04]} 27. Qb1 {[%emt 0:00:04]} Qc4 {[%emt 0:00:04]} 28. Nc3 {[%emt 0:00:04]} Bxa3 {[%emt 0:00:03]} 29. Rh6 {[%emt 0:00:03]} Bxb2+ {[%emt 0:00:04]} 30. Qxb2 {[%emt 0:00:06]} Qxc3 {[%emt 0:00:01]} 31. Rh2 {[%emt 0:00:04]} Qxb2+ {[%emt 0:00:02]} 32. Rxb2 {[%emt 0:00:01]} b5 {[%emt 0:00:00]} 33. Ka2 {[%emt 0:00:01]} Rc3 {[%emt 0:00:01]} 34. e4 {[%emt 0:00:03]} Rc4 {[%emt 0:00:01]} 35. Kb3 {[%emt 0:00:01]} Rxd4 {[%emt 0:00:01]} 36. Rc2 {[%emt 0:00:01]} Rxe4 {[%emt 0:00:02]} 37. Rc6 {[%emt 0:00:03]} Ra4 {[%emt 0:00:01]} 38. Rd6 {[%emt 0:00:07]} e5 {[%emt 0:00:01]} 39. Rf6 {[%emt 0:00:02]} e4 {[%emt 0:00:01]} 40. Rf2 {[%emt 0:00:01]} e3 {[%emt 0:00:01]} 41. Rc2 {[%emt 0:00:02]} e2 {[%emt 0:00:01]} 42. Rc7 {[%emt 0:00:09]} e1=Q {[%emt 0:00:04] Trotsky Ñäàåòñÿ (Lag: Av=0.35s, max=0.6s)} 0-1

[Event "Stay Safe Play From Home 174"]
[Site "T#646332Emanuel Laske"]
[Date "2020.05.25"]
[Round "2"]
[White "Weltszmerc"]
[Black "Golem974"]
[Result "1-0"]
[WhiteElo "2129"]
[BlackElo "1929"]
[Annotator "NA"]
[PlyCount "71"]
[EventDate "2020.05.25"]
[EventType "swiss (blitz)"]

1. d4 {[%emt 0:00:03]} d5 {[%emt 0:00:01]} 2. c4 {[%emt 0:00:00]} c6 {[%emt 0:00:00]} 3. Nf3 {[%emt 0:00:00]} Nf6 {[%emt 0:00:01]} 4. g3 {[%emt 0:00:00]} Nbd7 {[%emt 0:00:02]} 5. Bg2 {[%emt 0:00:02]} dxc4 {[%emt 0:00:01]} 6. O-O {[%emt 0:00:02]} h6 {[%emt 0:00:03]} 7. Nbd2 {[%emt 0:00:01]} Nb6 {[%emt 0:00:01]} 8. Qc2 {[%emt 0:00:03]} Be6 {[%emt 0:00:01]} 9. e4 {[%emt 0:00:04]} g6 {[%emt 0:00:01]} 10. b3 {[%emt 0:00:04]} cxb3 {[%emt 0:00:02]} 11. Nxb3 {[%emt 0:00:00]} Bg7 {[%emt 0:00:02]} 12. Nc5 {[%emt 0:00:01]} Bc8 {[%emt 0:00:04]} 13. e5 {[%emt 0:00:01]} Nfd5 {[%emt 0:00:04]} 14. e6 {[%emt 0:00:01]} f5 {[%emt 0:00:12]} 15. Nh4 {[%emt 0:00:01]} O-O {[%emt 0:00:04]} 16. Nxg6 {[%emt 0:00:01]} Rf6 {[%emt 0:00:01]} 17. Ne5 {[%emt 0:00:13]} Qf8 {[%emt 0:00:12]} 18. Ned7 {[%emt 0:00:10]} Bxd7 {[%emt 0:00:03]} 19. Nxd7 {[%emt 0:00:06]} Qd8 {[%emt 0:00:03]} 20. Nxf6+ {[%emt 0:00:02]} Nxf6 {[%emt 0:00:03]} 21. Bb2 {[%emt 0:00:01]} f4 {[%emt 0:00:05]} 22. Qg6 {[%emt 0:00:05]} Qe8 {[%emt 0:00:14]} 23. Qxe8+ {[%emt 0:00:04]} Rxe8 {[%emt 0:00:02]} 24. a4 {[%emt 0:00:10]} Nbd5 {[%emt 0:00:04]} 25. a5 {[%emt 0:00:03]} Rd8 {[%emt 0:00:10]} 26. Ba3 {[%emt 0:00:04]} Kf8 {[%emt 0:00:02]} 27. Rab1 {[%emt 0:00:02]} Rb8 {[%emt 0:00:02]} 28. Bc5 {[%emt 0:00:07]} b6 {[%emt 0:00:04]} 29. axb6 {[%emt 0:00:03]} axb6 {[%emt 0:00:01]} 30. Rfc1 {[%emt 0:00:02]} fxg3 {[%emt 0:00:05]} 31. hxg3 {[%emt 0:00:01]} b5 {[%emt 0:00:07]} 32. Bb4 {[%emt 0:00:07]} Rc8 {[%emt 0:00:02]} 33. Bd2 {[%emt 0:00:01]} Ke8 {[%emt 0:00:03]} 34. Rxb5 {[%emt 0:00:03]} Kd8 {[%emt 0:00:01]} 35. Rbc5 {[%emt 0:00:01]} Ne8 {[%emt 0:00:07]} 36. Bxd5 {[%emt 0:00:03] Golem974 abandonne (Lag: Av=0.81s, max=1.4s)} 1-0